GETS Theological Seminary Library

Tyndale Old Testament commentaries: (Record no. 928)

MARC details
000 -LEADER
fixed length control field 00709nam a2200229Ia 4500
003 - CONTROL NUMBER IDENTIFIER
control field OSt
005 - DATE AND TIME OF LATEST TRANSACTION
control field 20200824170933.0
008 - FIXED-LENGTH DATA ELEMENTS--GENERAL INFORMATION
fixed length control field 200731s9999 xx 000 0 und d
020 ## - INTERNATIONAL STANDARD BOOK NUMBER
International Standard Book Number 9780830842087
040 ## - CATALOGING SOURCE
Transcribing agency GETS
041 ## - LANGUAGE CODE
Language code of text/sound track or separate title eng
050 ## - LIBRARY OF CONGRESS CALL NUMBER
Classification number BS1151.2
Item number .T9 2008 v. 8
100 ## - MAIN ENTRY--PERSONAL NAME
Personal name Baldwin, Joyce G.
245 ## - TITLE STATEMENT
Title Tyndale Old Testament commentaries:
Remainder of title 1 and 2 Samuel: an introduction and commentary /
Statement of responsibility, etc. Joyce G, Baldwin; D. J. Wiseman
260 ## - PUBLICATION, DISTRIBUTION, ETC.
Place of publication, distribution, etc. Downers Grove, Ill. :
Name of publisher, distributor, etc. IVP Academic,
Date of publication, distribution, etc. 2008-12
300 ## - PHYSICAL DESCRIPTION
Extent 28 v.
Other physical details ;
Dimensions 22 cm.
650 ## - SUBJECT ADDED ENTRY--TOPICAL TERM
Topical term or geographic name entry element Bible. -- Samuel, 1st -- Commentaries.
650 ## - SUBJECT ADDED ENTRY--TOPICAL TERM
Topical term or geographic name entry element Bible. -- Samuel, 2nd -- Commentaries.
700 ## - ADDED ENTRY--PERSONAL NAME
Personal name Wiseman, D. J.
942 ## - ADDED ENTRY ELEMENTS (KOHA)
Koha item type English Books
949 ## - LOCAL PROCESSING INFORMATION (OCLC)
v v.8
Holdings
Withdrawn status Lost status Damaged status Not for loan Home library Current library Shelving location Date acquired Total Checkouts Full call number Barcode Date last seen Price effective from Koha item type
        GETS Theological Seminary Library GETS Theological Seminary Library General Stacks 07/12/2020   BS1151.2 .T9 2008 v. 8 00000882 07/12/2020 07/12/2020 English Books
OpacCredits

Contact the Librarian, GETS Library
Email: library@mygets.org









Implemented by GETS Library
(Powered by ETCA Professional Group)
GETS Theological Seminary
412 E. Rowland Street, CA 91723